| 000 | 01201nam a2200325Ia 4500 | ||
|---|---|---|---|
| 001 | ebr10546800 | ||
| 003 | CaPaEBR | ||
| 006 | m u | ||
| 007 | cr cn||||||||| | ||
| 008 | 120106s2012 caua sb 001 0 eng d | ||
| 010 | _z 2011052055 | ||
| 020 | _z9780520951778 | ||
| 020 | _z9780520272118 | ||
| 040 |
_aCaPaEBR _cCaPaEBR |
||
| 035 | _a(OCoLC)782923577 | ||
| 050 | 1 | 4 |
_aGF41 _b.H375 2012eb |
| 082 | 0 | 4 |
_a304.2 _223 |
| 100 | 1 |
_aHarcourt, A. H. _q(Alexander H.) |
|
| 245 | 1 | 0 |
_aHuman biogeography _h[electronic resource] / _cAlexander H. Harcourt. |
| 260 |
_aBerkeley : _bUniversity of California Press, _cc2012. |
||
| 300 |
_avii, 319 p. : _bill. |
||
| 504 | _aIncludes bibliographical references and index. | ||
| 533 |
_aElectronic reproduction. _bPalo Alto, Calif. : _cebrary, _d2011. _nAvailable via World Wide Web. _nAccess may be limited to ebrary affiliated libraries. |
||
| 650 | 0 | _aHuman geography. | |
| 650 | 0 | _aPhysical anthropology. | |
| 650 | 0 | _aBiogeography. | |
| 655 | 7 |
_aElectronic books. _2local |
|
| 710 | 2 | _aebrary, Inc. | |
| 856 | 4 | 0 |
_uhttp://site.ebrary.com/lib/rucke/Doc?id=10546800 _zAn electronic book accessible through the World Wide Web; click to view |
| 999 |
_c137312 _d137312 |
||